000 00981nam a2200313Ia 4500
003 OSt
005 20221006160105.0
006 a|||||r|||| 00| 0
007 ta
008 221006b |||||||| |||| 00| 0 eng d
020 _a9780814414897
_c
_24.95
024 _a44,258
037 _bGift, KCC (Window on Korea)
_cTextual
040 _aEASL
_cEASL
_beng
041 _2eng
_aeng
082 _aX:75.495, Q0
100 _aKim Myung Oak
_9671856
245 0 _aNew Korea
_b An inside look at South Korea's economic rise
260 _aNew York
_bAmacom
_c2010
300 _a288p.
_ccm.
490 _v KEL
650 _a KEL
650 _a Korea - South - Economic policy
_9649943
650 _a Korea - South - Foreign economic relations
650 _aKorea - South - Economic conditions
_9645945
700 _a Jaffe Sam
_9315022
942 _hX:75.495, Q0
_cTEXL
_2CC
999 _c1112350
_d1112350